书目信息 |
| 题名: |
清初三礼学
|
|
| 作者: | 林存阳 著 | |
| 分册: | ||
| 出版信息: | 北京 社会科学文献出版社 2002 |
|
| 页数: | 375页 | |
| 开本: | 20cm | |
| 丛书名: | 明清史研究丛书 | |
| 单 册: | ||
| 中图分类: | B249.05 | |
| 科图分类: | ||
| 主题词: | CT--S084797--学术思想 , 学术思想--思想史--中国--清前期 | |
| 电子资源: | ||
| ISBN: | 7-80149-820-8 | |
| 000 | 01227oam2 2200349 450 | |
| 001 | 002210497 | |
| 005 | 20070727160558.81 | |
| 010 | @a7-80149-820-8@dCNY25.00 | |
| 100 | @a20021212d2002 em y0chiy0110 ea | |
| 101 | 0 | @achi |
| 102 | @aCN@b110000 | |
| 105 | @ay z 000yy | |
| 200 | 1 | @a清初三礼学@Aqing chu san li xue@f林存阳著 |
| 210 | @a北京@c社会科学文献出版社@d2002 | |
| 215 | @a375页@d20cm | |
| 225 | 2 | @a明清史研究丛书 |
| 300 | @a中国社会科学院出版基金资助 | |
| 314 | @a林存阳(1970~),山东任城人,历史学博士,中国社会科学院历史研究所助理研究员。著有《清初三礼学》。 | |
| 330 | @a本书通过对复兴三礼学的酝酿与发展、经学诸大师的三礼学、儒臣对三礼学的倡导与撰著等问题的分析阐述,系统地揭示了清代“三礼”之学产生的思想渊源、本质特征、学术贡献,以及发展与流变的轨迹。 | |
| 461 | 0 | @1001012001029388@12001 @a明清史研究丛书 |
| 605 | @a仪礼@x研究 | |
| 605 | @a礼记@x研究 | |
| 605 | @a周礼@x研究 | |
| 605 | @2CT@3S904668@a仪礼 | |
| 605 | @2CT@3S904189@a礼记 | |
| 605 | @2CT@3S904667@a周礼 | |
| 606 | 0 | @2CT@3S084797@a学术思想 |
| 606 | 0 | @a学术思想@x思想史@y中国@z清前期 |
| 690 | @aB249.05@v4 | |
| 701 | 0 | @a林存阳@Alin cun yang@4著 |
| 801 | 0 | @aCN@bNLC@c20070727 |
| 905 | @a10447@dB249.05@e48 | |
| 清初三礼学/林存阳著.-北京:社会科学文献出版社,2002 |
| 375页;20cm.-(明清史研究丛书) |
| 中国社会科学院出版基金资助 |
| ISBN 7-80149-820-8:CNY25.00 |
| 本书通过对复兴三礼学的酝酿与发展、经学诸大师的三礼学、儒臣对三礼学的倡导与撰著等问题的分析阐述,系统地揭示了清代“三礼”之学产生的思想渊源、本质特征、学术贡献,以及发展与流变的轨迹。 |
| ● |
| 相关链接 |
|
|
|
|
正题名:清初三礼学
索取号:B249.05/48
 
预约/预借
| 序号 | 登录号 | 条形码 | 馆藏地/架位号 | 状态 | 备注 |
| 1 | 0783832 | 207838321 | 第一借阅区/ [索取号:B249.05/48] | 在馆 | |
| 2 | 0783833 | 207838330 | 教育系资料室/ [索取号:B249.05/48] | 在馆 | |
| 3 | 0783834 | 207838349 | 教育系资料室/ [索取号:B249.05/48] | 在馆 | |
| 4 | 0783835 | 207838358 | 第一借阅区/ [索取号:B249.05/48] | 在馆 | |
| 5 | 0785004 | 207850048 | 第一借阅区/ [索取号:B249.05/48] | 在馆 |